Les chanteurs de "We are the world" - Mort subite - Statistiques

Statistiques générales
  • Ce quiz a été pris 100 fois
  • Le résultat moyen est 5 sur 21
Answers on the Grid
Answers color-coded by a green-red scale on the quiz's grid according to % correct below.
Al Jarreau
Aretha Franklin
Barry White
Billy Joel
Bob Dylan
Bob Geldof
Bruce Springsteen
Cindy Lauper
Daryl Hall
Diana Ross
Dionne Warwick
Harry Belafonte
Huey Lewis
James Brown
James Ingram
Jermaine Jackson
Jim Morrison
Johnny Cash
Kenny Loggins
Kenny Rogers
Kim Carnes
Lionel Richie
Madonna
Marvin Gaye
Michael Jackson
Paul Simon
Pierre Perret
Prince
Ray Charles
Steve Perry
Stevie Wonder
Taylor Swift
Tina Turner
Tom Petty
Whitney Houston
Willie Nelson
 
Statistiques - réponses
Réponse % Correct
Cindy Lauper
58%
Michael Jackson
58%
Bob Dylan
47%
Bruce Springsteen
44%
Diana Ross
38%
Lionel Richie
38%
Stevie Wonder
36%
Ray Charles
33%
Tina Turner
33%
Al Jarreau
27%
Billy Joel
25%
Dionne Warwick
15%
Kenny Rogers
15%
Daryl Hall
13%
Huey Lewis
13%
Kenny Loggins
13%
Kim Carnes
9%
Steve Perry
9%
James Ingram
5%
Paul Simon
5%
Willie Nelson
5%
Aucun quiz correspondant
Distribution des résultats
% des personnes avec chaque résultat
Percentile par nombre de réponses
Votre historique - résultats
Vous n’avez pas pris ce quiz